<?xml version="1.0" encoding="UTF-8"?>
<record
    xmlns:xsi="http://www.w3.org/2001/XMLSchema-instance"
    xsi:schemaLocation="http://www.loc.gov/MARC21/slim http://www.loc.gov/standards/marcxml/schema/MARC21slim.xsd"
    xmlns="http://www.loc.gov/MARC21/slim">

  <leader>01253nam a22002657a 4500</leader>
  <controlfield tag="005">20170124103159.0</controlfield>
  <datafield tag="010" ind1=" " ind2=" ">
    <subfield code="a">A-689956</subfield>
  </datafield>
  <datafield tag="020" ind1=" " ind2=" ">
    <subfield code="c">350.00</subfield>
  </datafield>
  <datafield tag="035" ind1=" " ind2=" ">
    <subfield code="a">A-689956</subfield>
  </datafield>
  <datafield tag="037" ind1=" " ind2=" ">
    <subfield code="b">Cen Lib/Ret</subfield>
  </datafield>
  <datafield tag="040" ind1=" " ind2=" ">
    <subfield code="a">DPL</subfield>
    <subfield code="b">HN</subfield>
  </datafield>
  <datafield tag="082" ind1=" " ind2=" ">
    <subfield code="a">929.9</subfield>
    <subfield code="b">&#x92E;&#x932;&#x939;&#x94B;</subfield>
  </datafield>
  <datafield tag="100" ind1=" " ind2=" ">
    <subfield code="a">&#x92E;&#x932;&#x939;&#x94B;&#x924;&#x94D;&#x930;&#x93E;, &#x935;&#x93F;&#x91C;&#x92F; &#x915;&#x941;&#x92E;&#x93E;&#x930; </subfield>
    <subfield code="9">52576</subfield>
  </datafield>
  <datafield tag="245" ind1=" " ind2=" ">
    <subfield code="a">&#x915;&#x92E;&#x932; :</subfield>
    <subfield code="c">&#x935;&#x93F;&#x91C;&#x92F; &#x915;&#x941;&#x92E;&#x93E;&#x930; &#x92E;&#x932;&#x939;&#x94B;&#x924;&#x94D;&#x930;&#x93E;</subfield>
    <subfield code="b"> &#x936;&#x93E;&#x936;&#x94D;&#x935;&#x924; &#x938;&#x93E;&#x902;&#x938;&#x94D;&#x915;&#x943;&#x924;&#x93F;&#x915; &#x92A;&#x94D;&#x930;&#x924;&#x940;&#x915; /</subfield>
  </datafield>
  <datafield tag="246" ind1=" " ind2=" ">
    <subfield code="a">Kamal : shashvat sanskritik pratik /</subfield>
    <subfield code="b">by Vijay Kumar Malhotra </subfield>
  </datafield>
  <datafield tag="260" ind1=" " ind2=" ">
    <subfield code="a">&#x928;&#x92F;&#x940; &#x926;&#x93F;&#x932;&#x94D;&#x932;&#x940; </subfield>
    <subfield code="b">&#x92A;&#x94D;&#x930;&#x935;&#x940;&#x923; &#x92A;&#x94D;&#x930;&#x915;&#x93E;&#x936;&#x928; </subfield>
    <subfield code="c">1994</subfield>
  </datafield>
  <datafield tag="270" ind1=" " ind2=" ">
    <subfield code="a">1/1079 &#x908; &#x92E;&#x939;&#x930;&#x94C;&#x932;&#x940; </subfield>
    <subfield code="b">&#x928;&#x92F;&#x940; &#x926;&#x93F;&#x932;&#x94D;&#x932;&#x940; </subfield>
    <subfield code="e">110030</subfield>
  </datafield>
  <datafield tag="300" ind1=" " ind2=" ">
    <subfield code="a">291&#x92A;&#x943;. :</subfield>
    <subfield code="c">21&#x938;&#x947;&#x92E;&#x940; (&#x938;&#x91C;&#x93F;&#x932;&#x94D;&#x926;)</subfield>
    <subfield code="b">&#x938;&#x91A;&#x93F;&#x924;&#x94D;&#x930; </subfield>
  </datafield>
  <datafield tag="500" ind1=" " ind2=" ">
    <subfield code="a">&#x92A;&#x930;&#x93F;&#x936;&#x93F;&#x937;&#x94D;&#x91F; &#x914;&#x930; &#x938;&#x902;&#x926;&#x930;&#x94D;&#x92D; &#x938;&#x942;&#x91A;&#x940; &#x936;&#x93E;&#x92E;&#x93F;&#x932; </subfield>
  </datafield>
  <datafield tag="650" ind1=" " ind2=" ">
    <subfield code="a">&#x915;&#x92E;&#x932; -- &#x92D;&#x93E;&#x930;&#x924;&#x940;&#x92F; &#x926;&#x947;&#x935; &#x905;&#x935;&#x927;&#x93E;&#x930;&#x923;&#x93E; </subfield>
    <subfield code="9">90843</subfield>
  </datafield>
  <datafield tag="650" ind1=" " ind2=" ">
    <subfield code="a">&#x915;&#x92E;&#x932; -- &#x92A;&#x94D;&#x930;&#x924;&#x940;&#x915; &#x915;&#x947; &#x930;&#x942;&#x92A; &#x92E;&#x947;&#x902; </subfield>
    <subfield code="9">90844</subfield>
  </datafield>
  <datafield tag="650" ind1=" " ind2=" ">
    <subfield code="a">Kamal -- Indian god concept</subfield>
    <subfield code="9">90845</subfield>
  </datafield>
  <datafield tag="650" ind1=" " ind2=" ">
    <subfield code="a">Lotus -- Symbol</subfield>
    <subfield code="9">90846</subfield>
  </datafield>
  <datafield tag="942" ind1=" " ind2=" ">
    <subfield code="2">ddc</subfield>
    <subfield code="c">HN</subfield>
    <subfield code="h">929.9</subfield>
    <subfield code="m">&#x92E;&#x932;&#x939;&#x94B;</subfield>
  </datafield>
  <datafield tag="999" ind1=" " ind2=" ">
    <subfield code="c">120520</subfield>
    <subfield code="d">120520</subfield>
  </datafield>
  <datafield tag="952" ind1=" " ind2=" ">
    <subfield code="0">0</subfield>
    <subfield code="1">0</subfield>
    <subfield code="4">0</subfield>
    <subfield code="7">0</subfield>
    <subfield code="a">L</subfield>
    <subfield code="b">L</subfield>
    <subfield code="d">2015-09-23</subfield>
    <subfield code="e">Cen Lib/Ret</subfield>
    <subfield code="g">350.00</subfield>
    <subfield code="l">0</subfield>
    <subfield code="o">929.9 &#x92E;&#x932;&#x939;&#x94B;</subfield>
    <subfield code="p">A-689956</subfield>
    <subfield code="r">2015-09-23 00:00:00</subfield>
    <subfield code="t">1</subfield>
    <subfield code="v">350.00</subfield>
    <subfield code="w">2015-09-23</subfield>
    <subfield code="y">HN</subfield>
  </datafield>
</record>
